Deleveraging (Record no. 83954)

MARC details
000 -LEADER
fixed length control field 01245cab a22002655a 4500
001 - CONTROL NUMBER
control field L156130
008 - FIXED-LENGTH DATA ELEMENTS--GENERAL INFORMATION
fixed length control field 120501e2012 xxk 000 0 eng d
035 ## - SYSTEM CONTROL NUMBER
System control number (Sirsi) u156130
041 0# - LANGUAGE CODE
Language code of text/sound track or separate title eng
100 1# - MAIN ENTRY--PERSONAL NAME
Personal name Allen, Mark
245 00 - TITLE STATEMENT
Title Deleveraging
Remainder of title effects on markets around the world
260 ## - PUBLICATION, DISTRIBUTION, ETC.
Date of publication, distribution, etc. 2012
490 #0 - SERIES STATEMENT
Series statement Property Week
Volume/sequential designation 78(17) 27 April 2012, 46-47(2)
520 ## - SUMMARY, ETC.
Summary, etc. The credit crunch has forced property companies in almost all regions to deleverage with the crunch's effects likely to be most pronounced and prolonged in Europe. Most property companies around the world have now completed the required deleveraging which has however resulted in few forced sales from banks. Availability of debt on secondary property has been cut dramatically. Internationally property companies have had to diversify their funding sources away from banks. Japan-style deleveraging is seen as the key risk. Debt scarcity in the US and Europe has lead to extremely low levels of space on offer.
590 ## - LOCAL NOTE (RLIN)
Local note KA
651 #4 - SUBJECT ADDED ENTRY--GEOGRAPHIC NAME
Geographic name Australia
651 #4 - SUBJECT ADDED ENTRY--GEOGRAPHIC NAME
Geographic name China
651 #4 - SUBJECT ADDED ENTRY--GEOGRAPHIC NAME
Geographic name Europe
651 #4 - SUBJECT ADDED ENTRY--GEOGRAPHIC NAME
Geographic name Japan
651 #4 - SUBJECT ADDED ENTRY--GEOGRAPHIC NAME
Geographic name Singapore
651 #4 - SUBJECT ADDED ENTRY--GEOGRAPHIC NAME
Geographic name United Kingdom
651 #4 - SUBJECT ADDED ENTRY--GEOGRAPHIC NAME
Geographic name United States
690 ## - LOCAL SUBJECT ADDED ENTRY--TOPICAL TERM (OCLC, RLIN)
Topical term or geographic name as entry element Commercial property
9 (RLIN) 6227
942 ## - ADDED ENTRY ELEMENTS (KOHA)
Suppress in OPAC 0
Holdings
Withdrawn status Lost status Source of classification or shelving scheme Damaged status Not for loan Home library Current library Shelving location Date acquired Total Checkouts Full call number Barcode Date last seen Price effective from Koha item type
    Dewey Decimal Classification     London London Journal article 01/05/2012   L156130 156130-1001 06/08/2019 06/08/2019 Journal